| 000 | 01487cac a2200361 i 4500 | ||
|---|---|---|---|
| 003 | EG-GICUC | ||
| 005 | 20260121101538.0 | ||
| 008 | 010226s2001 enk frb 001 0 eng d | ||
| 020 |
_a0521590809 _qhardback |
||
| 020 |
_a9780521590808 _q(hardback) |
||
| 040 |
_aDLC _cDLC _dDLC _dEG-GICUC _beng _erda |
||
| 043 | _ae-uk--- | ||
| 050 | 0 | 0 |
_aKD2204 _b.C37 2001 |
| 082 | 0 | 0 |
_a343.45042 _221 |
| 092 | 0 | 4 | _221 |
| 099 | _aLaw 10 2001 | ||
| 100 | 1 |
_aCartwright, Peter, _d1968- |
|
| 245 | 1 | 0 |
_aConsumer protection and the criminal law : _blaw, theory, and policy in the UK / _cPeter Cartwright. |
| 264 |
_aCambridge, UK ; _aNew York : _bCambridge University Press, _c2001. |
||
| 300 |
_axiv, 253 page ; _c24 cm. |
||
| 336 |
_atext _btxt _2rdacontent |
||
| 337 |
_aunmediated _bn _2rdamedia |
||
| 338 |
_avolume _bnc _2rdacarrier |
||
| 504 | _aIncludes bibliographical references and index. | ||
| 650 | 0 |
_aConsumer protection _xLaw and legislation _zGreat Britain _xCriminal provisions. |
|
| 856 | 4 | 1 | _uhttps://fll.law.cu.edu.eg/fulltext/bks/ENGB10-00089.pdf |
| 856 | 4 | 1 |
_3Sample text _uhttp://www.loc.gov/catdir/samples/cam031/2001025437.html |
| 856 | 4 | 2 |
_3Publisher description _uhttp://www.loc.gov/catdir/description/cam021/2001025437.html |
| 856 | 4 | 1 |
_3Table of contents _uhttp://www.loc.gov/catdir/toc/cam021/2001025437.html |
| 856 | 4 | 2 |
_3Contributor biographical information _uhttp://www.loc.gov/catdir/enhancements/fy0731/2001025437-b.html |
| 905 | _a10 | ||
| 942 |
_2ddc _cBK _e21 _n0 |
||
| 999 |
_c52525 _d52525 |
||